Príležitostné poskytnutie služobného motorového vozidla na súkromné účely zamestnancov

Vzor internej smernice „Príležitostné poskytnutie služobného motorového vozidla na súkromné účely zamestnancov“, opis jej obsahu a vzorové situácie. Účelom smernice je stanoviť jednotný postup v situáciách, keď zamestnanec požiada spoločnosť o jednorazové zapožičanie služobného vozidla z dôvodu špec...

Description complète

Enregistré dans:
Détails bibliographiques
Auteur principal: Cígerová, Nadežda
Format: Chapitre de livre
Langue:slovaque
Sujets:
Tags: Ajouter un tag
Pas de tags, Soyez le premier à ajouter un tag!

MARC

LEADER 00000naa a2200000 4500
001 0312028
005 20250902170452.7
041 0 |a slo 
044 |a SK 
245 1 0 |a Príležitostné poskytnutie služobného motorového vozidla na súkromné účely zamestnancov  |c Nadežda Cígerová 
520 |a Vzor internej smernice „Príležitostné poskytnutie služobného motorového vozidla na súkromné účely zamestnancov“, opis jej obsahu a vzorové situácie. Účelom smernice je stanoviť jednotný postup v situáciách, keď zamestnanec požiada spoločnosť o jednorazové zapožičanie služobného vozidla z dôvodu špecifických životných situácií (napr. dovolenka, sťahovanie a iné). 
610 2 0 |a smernice organizačné 
610 2 0 |a vzory 
610 2 0 |a zamestnávatelia 
610 2 0 |a vozidlá motorové 
610 2 0 |a majetok obchodný 
610 2 0 |a zamestnanci 
610 2 0 |a dovolenka 
100 1 |a Cígerová, Nadežda